00555 a2200181 4500001000700000003000400007005001700011008004100028082001600069100001900085245005200104260003100156300001100187653002300198942001200221999001500233952012500248067946OSt20220112101341.0  a820.9bL52H1 aLegouis, Emile1 aHistory of english literaturecby Emile Legouis aNew DelhibMacmillanc2008 a1488p. aEnglish Literature 2ddccBK c1803d1803 00102ddc40708TXBaCURAJbCURAJd2012-03-07eENGg385.00l1o820.9 L52Hp2233r2024-11-21s2023-03-06w2020-09-02yBK